[Event "Vlissingen HZ op 13th"]
[Site "Vlissingen"]
[Date "2009.08.02"]
[Round "3"]
[White "Thora, Jack"]
[Black "Go, Benjamin"]
[Result "1/2-1/2"]
[WhiteElo "1947"]
[BlackElo "2162"]
[PlyCount "83"]
[EventDate "2009.08.01"]
[EventType "swiss"]
[EventRounds "9"]
[EventCountry "NED"]
[SourceTitle "CBM 131 Extra"]
[Source "ChessBase"]
[SourceDate "2009.09.03"]
[SourceVersion "2"]
[SourceVersionDate "2009.09.16"]
[SourceQuality "1"]

1. Nf3 g6 2. g3 Bg7 3. Bg2 e5 4. e4 Nc6 5. d3 Nge7 6. 0-0 0-0 7. Nc3 d6 8. Be3 h6 9. Qd2 Kh7 10. Ne1 Be6 11. Nd5 Qd7 12. c3 Ng8 13. f4 Bxd5 14. exd5 Nce7 15. d4 exf4 16. Bxf4 Rae8 17. Qd3 Nf6 18. c4 Nh5 19. Nc2 Nxf4 20. Rxf4 f5 21. Re1 Ng8 22. Rff1 Nf6 23. b3 Nh5 24. Bf3 Nf6 25. Bg2 Rxe1 26. Rxe1 f4 27. Re6 fxg3 28. Qxg3 Qf7 29. Qe1 Ng4 30. Be4 Qf4 31. Bxg6+ Kh8 32. Re2 Bxd4+ 33. Nxd4 Qxd4+ 34. Kg2 Qf4 35. Kg1 Ne5 36. Be4 Rg8+ 37. Rg2 Re8 38. Re2 Qg5+ 39. Kh1 Ng4 40. Qc3+ Qg7 41. Qxg7+ Kxg7 42. Kg2 1/2-1/2

[Event "Vlissingen HZ op 13th"]
[Site "Vlissingen"]
[Date "2009.08.01"]
[Round "1"]
[White "Thora, Jack"]
[Black "Spoelman, Wouter"]
[Result "0-1"]
[WhiteElo "1947"]
[BlackElo "2546"]
[PlyCount "68"]
[EventDate "2009.08.01"]
[EventType "swiss"]
[EventRounds "9"]
[EventCountry "NED"]
[SourceTitle "CBM 131 Extra"]
[Source "ChessBase"]
[SourceDate "2009.09.03"]
[SourceVersion "2"]
[SourceVersionDate "2009.09.16"]
[SourceQuality "1"]

1. e4 c5 2. Nf3 d6 3. g3 Nf6 4. Nc3 Bg4 5. Bg2 Nc6 6. 0-0 Nd4 7. d3 Nd7 8. Be3 g6 9. Bxd4 cxd4 10. Ne2 Bg7 11. h3 Bxf3 12. Bxf3 0-0 13. c3 dxc3 14. Nxc3 Ne5 15. Bg2 Rc8 16. Qe2 Nc6 17. Rfd1 Nd4 18. Qd2 b5 19. Rac1 Qa5 20. Qe3 e6 21. a3 Nb3 22. Rc2 Bd4 23. Qe1 Rc7 24. Kh1 Rfc8 25. f4 Bxc3 26. Rxc3 Rxc3 27. bxc3 Qxc3 28. Qe3 Qd4 29. Qe2 Rc1 30. f5 Rxd1+ 31. Qxd1 Qa1 32. Qxa1 Nxa1 33. fxe6 fxe6 34. Bf3 Nc2 0-1

[Event "BEL-ch op"]
[Site "Eupen"]
[Date "2008.07.11"]
[Round "7"]
[White "Thora, Jack"]
[Black "Barbier, Wim"]
[Result "1/2-1/2"]
[WhiteElo "1894"]
[BlackElo "2198"]
[PlyCount "20"]
[EventDate "2008.07.05"]
[EventType "swiss"]
[EventRounds "9"]
[EventCountry "BEL"]
[SourceTitle "EXT 2019"]
[Source "ChessBase"]
[SourceDate "2018.10.10"]
[SourceVersion "1"]
[SourceVersionDate "2018.10.10"]
[SourceQuality "1"]

1. e4 c5 2. Nf3 d6 3. g3 g6 4. Bg2 Bg7 5. 0-0 Nc6 6. Nc3 e5 7. d3 Nge7 8. Be3 Nd4 9. Nd2 0-0 10. f4 f6 1/2-1/2

[Event "Maastricht Limburg op"]
[Site "Maastricht"]
[Date "2008.05.11"]
[Round "4"]
[White "Floor, Dirk"]
[Black "Thora, Jack"]
[Result "1-0"]
[WhiteElo "2221"]
[BlackElo "1894"]
[PlyCount "53"]
[EventDate "2008.05.09"]
[EventType "swiss"]
[EventRounds "7"]
[EventCountry "NED"]
[SourceTitle "EXT 2009"]
[Source "ChessBase"]
[SourceDate "2008.11.26"]
[SourceVersion "1"]
[SourceVersionDate "2008.11.26"]
[SourceQuality "1"]

1. e4 Nf6 2. e5 Nd5 3. d4 d6 4. Nf3 dxe5 5. Nxe5 g6 6. Bc4 Be6 7. Nc3 c6 8. Ne4 Bg7 9. Ng5 Qd6 10. 0-0 f6 11. Nxe6 Qxe6 12. Nd3 Qd6 13. Re1 Nd7 14. Bb3 b5 15. a4 b4 16. a5 e5 17. Bd2 Rb8 18. c4 bxc3 19. bxc3 Kd8 20. dxe5 fxe5 21. Nb4 Nxb4 22. cxb4 Qd4 23. Rc1 c5 24. bxc5 Kc8 25. c6 Nc5 26. Rxc5 Qxc5 27. Qg4+ 1-0

[Event "Brasschaat op 07th"]
[Site "Brasschaat"]
[Date "2007.08.26"]
[Round "9"]
[White "Leenaerts, Robin"]
[Black "Thora, Jack"]
[Result "1-0"]
[WhiteElo "2164"]
[BlackElo "1905"]
[PlyCount "77"]
[EventDate "2007.08.18"]
[EventType "swiss"]
[EventRounds "9"]
[EventCountry "BEL"]
[SourceTitle "CBM 120 Extra"]
[Source "ChessBase"]
[SourceDate "2007.11.01"]
[SourceVersion "1"]
[SourceVersionDate "2007.11.01"]
[SourceQuality "1"]

1. e4 Nf6 2. e5 Nd5 3. d4 d6 4. Nf3 dxe5 5. Nxe5 g6 6. Bc4 c6 7. 0-0 Bg7 8. Qe2 0-0 9. Bb3 Nd7 10. Nf3 N5f6 11. Re1 e6 12. Bf4 Nb6 13. Nbd2 a5 14. a4 Nbd5 15. Bg3 Nh5 16. Bh4 Nhf4 17. Qf1 Bf6 18. Bxf6 Nxf6 19. g3 N4d5 20. Rad1 b5 21. axb5 cxb5 22. Qxb5 Ba6 23. Qa4 Nb4 24. Ne5 Bb7 25. c3 Nbd5 26. Ra1 Qc7 27. Ra2 Rfd8 28. Rea1 Nxc3 29. bxc3 Qxc3 30. Qc4 Qxd4 31. Qxd4 Rxd4 32. Ndc4 Bd5 33. Nxa5 Rxa5 34. Rxa5 Bxb3 35. Ra8+ Kg7 36. R8a7 Nd5 37. h4 Kf6 38. Re1 Ne7 39. Rxe7 1-0

[Event "Vlissingen HZ op 11th"]
[Site "Vlissingen"]
[Date "2007.08.04"]
[Round "1"]
[White "Thora, Jack"]
[Black "Pg, Mohd Omar Ak Hirawa"]
[Result "1/2-1/2"]
[WhiteElo "1811"]
[BlackElo "2344"]
[PlyCount "49"]
[EventDate "2007.08.04"]
[EventType "swiss"]
[EventRounds "9"]
[EventCountry "NED"]
[SourceTitle "CBM 119 Extra"]
[Source "ChessBase"]
[SourceDate "2007.09.04"]
[SourceVersion "1"]
[SourceVersionDate "2007.09.04"]
[SourceQuality "1"]

1. e4 c5 2. Nf3 Nc6 3. g3 g6 4. Bg2 Bg7 5. 0-0 d6 6. Re1 e5 7. Nc3 Nge7 8. d3 0-0 9. Nd5 Nxd5 10. exd5 Ne7 11. c4 h6 12. Qc2 Rb8 13. Rb1 b5 14. b3 Bd7 15. Bb2 Qc8 16. Nd2 Bh3 17. f4 f6 18. Ne4 Bxg2 19. Qxg2 Qd7 20. fxe5 fxe5 21. Rf1 Rf5 22. g4 Rff8 23. Rxf8+ Rxf8 24. Rf1 Rxf1+ 25. Kxf1 1/2-1/2

[Event "Brasschaat op 06th"]
[Site "Brasschaat"]
[Date "2006.08.20"]
[Round "2"]
[White "Thora, Jack"]
[Black "Maes, Wim"]
[Result "0-1"]
[WhiteElo "1767"]
[BlackElo "2287"]
[PlyCount "47"]
[EventDate "2006.08.19"]
[EventType "swiss"]
[EventRounds "9"]
[EventCountry "BEL"]
[SourceTitle "CBM 113 Extra"]
[Source "ChessBase"]
[SourceDate "2006.09.14"]
[SourceVersion "1"]
[SourceVersionDate "2006.09.14"]
[SourceQuality "1"]

1. e4 c5 2. Nf3 e6 3. d3 Nc6 4. g3 g6 5. Bg2 Bg7 6. 0-0 Nge7 7. c3 e5 8. Na3 0-0 9. Be3 d6 10. Qd2 f5 11. Ng5 h6 12. Nh3 Kh7 13. f4 b6 14. Nf2 Be6 15. exf5 gxf5 16. Rad1 Bxa2 17. b4 Bd5 18. b5 Na5 19. d4 Bxg2 20. Kxg2 exd4 21. cxd4 cxd4 22. Bxd4 Nb3 23. Bxg7 Nxd2 24. Bxf8 0-1

[Event "BEL-ch opB"]
[Site "Westerlo"]
[Date "2004.07.??"]
[Round "2"]
[White "Thora, Jack"]
[Black "Fontaine, Pierre"]
[Result "0-1"]
[WhiteElo "1873"]
[BlackElo "2108"]
[PlyCount "68"]
[EventDate "2004.07.??"]
[EventType "swiss"]
[EventRounds "9"]
[EventCountry "BEL"]
[SourceTitle "EXT 2005"]
[Source "ChessBase"]
[SourceDate "2004.11.15"]
[SourceVersion "1"]
[SourceVersionDate "2004.11.15"]
[SourceQuality "1"]

1. e4 d5 2. exd5 Nf6 3. Nc3 Nxd5 4. Bc4 Nb6 5. Bb3 e5 6. Qf3 Qe7 7. Nge2 Nc6 8. a3 Be6 9. Bxe6 Qxe6 10. d3 0-0-0 11. 0-0 f5 12. Be3 Be7 13. Bxb6 axb6 14. b4 g5 15. Qe3 Qg6 16. b5 Bc5 17. Qd2 Nd4 18. Na4 Nxb5 19. Nxc5 bxc5 20. Rfb1 Qc6 21. a4 Nd6 22. Nc3 h6 23. Nb5 Nxb5 24. Rxb5 Rd4 25. Qa5 b6 26. Qc3 Rxa4 27. Rxa4 Qxb5 28. Ra1 Re8 29. g3 Qb4 30. Qxb4 cxb4 31. Ra4 c5 32. Ra7 e4 33. Rf7 exd3 34. cxd3 b3 0-1